000 00555nam a2200181 a 4500
001 000021781
005 20200930011440.0
008 100913s1995 dr 000 0 spa d
040 _aDO-SdBNP
_bspa
_cBNPHU
082 _axxx
_bU76a
100 1 _aUribe, Alejandro
_945253
245 1 0 _aAcoso sexual, medicina y otros casos /
_cAlejandro Uribe.
260 _aSanto Domingo :
_bCIEMPS,
_c1995.
300 _a136 p. ;
_c22 cm.
500 _aIncluye datos biográficos del autor en la contracubierta
504 _aBibliografías : p. 133-136
049 _aBNPD
999 _c21280
_d21280